000 00814nam a22002537a 4500
003 UA-OsUOA
001 28183
007 ta
008 20040929b un ||||| |||| 00| 0 ukr d
100 _aСукаленко Н. И.
090 _a81'23
_bС89
942 _cBK
040 _aUA-OsUOA
_brus
_cUA-OsUOA
_dUA-OsUOA
245 _aОтражение обыденного сознания в образной языковой картине мира
_bнаучное издания
300 _a164 с.
955 _a1
041 _arus
080 _a81'23
020 _a5-12-002563-3
260 _aКиев
_bНаукова думка
_c1992
044 _aRU
650 7 _a8 Мовознавство. Художня література. Літературознавство
_2UDC
999 _c314544
_d314544